[Event "43rd World U20 ch"]
[Site "Kochi IND"]
[Date "2004.11.24"]
[Round "7.11"]
[White "Quan, Zhe"]
[Black "Lafuente, Pablo"]
[Result "1/2-1/2"]
[WhiteElo "2345"]
[BlackElo "2473"]
[EventDate "2004.11.19"]
[PlyCount "40"]

1.d4 Nf6 2.c4 e6 3.Nc3 Bb4 4.Qc2 c5 5.dxc5 Bxc5 6.Nf3 Qb6 7.e3 Qc7 8.b3 b6
9.Be2 Bb7 10.g4 Nc6 11.Bb2 a6 12.g5 Ng4 13.Ne4 Bb4+ 14.Kf1 Ne7 15.h3 Nxe3+
16.fxe3 Nf5 17.Kf2 Bc5 18.Ke1 Bb4+ 19.Kf2 Bc5 20.Ke1 Bb4+ 1/2-1/2

[Event "43rd World U20 ch"]
[Site "Kochi IND"]
[Date "2004.11.24"]
[Round "7.14"]
[White "Deepan Chakravarthy, Jeyakumar"]
[Black "Nad Hedesi, Balind"]
[Result "1-0"]
[WhiteElo "2396"]
[BlackElo "2337"]
[EventDate "2004.11.19"]
[PlyCount "87"]

1.e4 c5 2.Nf3 d6 3.d4 cxd4 4.Nxd4 Nf6 5.Nc3 Bd7 6.Bg5 Nc6 7.Qd2 Rc8 8.Nb3 
a6 9.f3 e6 10.O-O-O b5 11.Kb1 b4 12.Ne2 h6 13.Be3 e5 14.g4 Be7 15.h4 a5 
16.Ng3 a4 17.Nc1 Qc7 18.Bd3 Be6 19.g5 Nd7 20.Nh5 Bf8 21.gxh6 gxh6 22.Rhg1 
b3 23.cxb3 axb3 24.Nxb3 Rb8 25.Rc1 Qb7 26.Bc4 Bxc4 27.Rxc4 Nb4 28.Rgc1 d5 
29.Rc7 Qa6 30.Ra7 Qg6 31.a3 Qxh5 32.axb4 d4 33.Bxd4 Qxf3 34.Bc3 Qxe4+ 35.
Ka2 Qf5 36.Rd1 Rd8 37.Bxe5 Rh7 38.Bc7 Rc8 39.Re1+ Be7 40.Bd6 f6 41.Qe2 Ne5
42.Bxe5 Qxe5 43.Qd2 Qf5 44.Qd6 1-0

[Event "43rd World U20 ch"]
[Site "Kochi IND"]
[Date "2004.11.24"]
[Round "7.15"]
[White "Poobesh Anand, Selvaraj"]
[Black "Grigorov, Grigor"]
[Result "1-0"]
[WhiteElo "2367"]
[BlackElo "2321"]
[EventDate "2004.11.19"]
[PlyCount "98"]

1.d4 Nf6 2.Bg5 e6 3.Nf3 h6 4.Bxf6 Qxf6 5.e4 d6 6.Nc3 c6 7.e5 Qd8 8.exd6 
Bxd6 9.Ne4 Be7 10.Bd3 Nd7 11.Qe2 Qc7 12.O-O-O b6 13.Ng3 Bb7 14.Nh5 Bf6 15.
Kb1 O-O-O 16.Ba6 Bxa6 17.Qxa6+ Kb8 18.Rhe1 c5 19.Nxf6 Nxf6 20.Qe2 Rc8 21.
dxc5 Qxc5 22.Ne5 Rc7 23.a3 Rhc8 24.Rd2 Qa5 25.Red1 Qa4 26.c4 Qa6 27.Rd8 
Qb7 28.Rxc8+ Kxc8 29.f3 Re7 30.Qd2 Qc7 31.Qb4 Qc5 32.Qxc5+ bxc5 33.Kc2 Kc7
34.b4 Nd7 35.Ng4 f5 36.Ne3 Nf6 37.b5 f4 38.Nf1 g5 39.Nd2 e5 40.Re1 g4 41.
a4 h5 42.a5 Nd7 43.Ne4 Rg7 44.Nc3 gxf3 45.gxf3 Rg2+ 46.Re2 Rg1 47.Nd5+ Kd6
48.Kd2 Ke6 49.b6 a6 1-0

[Event "43rd World U20 ch"]
[Site "Kochi IND"]
[Date "2004.11.24"]
[Round "7.16"]
[White "D`Costa, Lorin"]
[Black "Perdomo, Leandro"]
[Result "0-1"]
[WhiteElo "2358"]
[BlackElo "2312"]
[EventDate "2004.11.19"]
[PlyCount "74"]

1.d4 Nf6 2.c4 g6 3.Nc3 Bg7 4.e4 d6 5.Be2 O-O 6.Bg5 c5 7.d5 h6 8.Be3 e6 9.
Qd2 exd5 10.cxd5 Re8 11.f3 h5 12.a4 a6 13.a5 b5 14.axb6 Qxb6 15.Ra2 a5 16.
Bd1 Na6 17.Ba4 Nd7 18.Nge2 Nb4 19.Ra3 Ne5 20.Bxe8 Nc4 21.Na4 Qd8 22.Qd1 
Qxe8 23.Bc1 Nxa3 24.bxa3 Nd3+ 25.Qxd3 Qxa4 26.Qd2 Ba6 27.Bb2 Rb8 28.Bxg7 
Kxg7 29.Qc3+ Kg8 30.Nc1 Qb5 31.Kd1 Qb1 32.Re1 Rb2 33.e5 Bb5 34.Re4 dxe5 
35.d6 Rxg2 36.Qxc5 Qb2 37.Qe3 Rxh2 0-1

[Event "43rd World U20 ch"]
[Site "Kochi IND"]
[Date "2004.11.24"]
[Round "7.17"]
[White "Smeets, Jan"]
[Black "Ruijgrok, Dennis"]
[Result "1-0"]
[WhiteElo "2515"]
[BlackElo "2255"]
[EventDate "2004.11.19"]
[PlyCount "57"]

1.e4 Nf6 2.e5 Nd5 3.d4 d6 4.Nf3 Bg4 5.Be2 e6 6.O-O Be7 7.h3 Bxf3 8.Bxf3 
Nc6 9.exd6 Qxd6 10.c3 O-O 11.Nd2 Rad8 12.Re1 Qd7 13.Qb3 Qc8 14.a4 Na5 15.
Qa2 b6 16.Nc4 Nb7 17.a5 Rfe8 18.a6 Nd6 19.Ne5 c6 20.c4 Nb4 21.Qa4 Nxc4 22.
Nxc6 Nxc6 23.Bxc6 b5 24.Qxb5 Nd6 25.Qa4 Rf8 26.d5 Nf5 27.Bf4 exd5 28.Rac1 
Bf6 29.Bb7 1-0

[Event "43rd World U20 ch"]
[Site "Kochi IND"]
[Date "2004.11.24"]
[Round "7.19"]
[White "Mabusela, Johannes"]
[Black "Mandizha, Farai"]
[Result "0-1"]
[WhiteElo "2316"]
[BlackElo "2200"]
[EventDate "2004.11.19"]
[PlyCount "50"]

1.e4 e6 2.d4 d5 3.Nc3 Bb4 4.e5 c5 5.Bd2 Nc6 6.Nb5 Bxd2+ 7.Qxd2 Nxd4 8.Nxd4
cxd4 9.f4 Ne7 10.Nf3 O-O 11.Nxd4 f6 12.exf6 Rxf6 13.O-O-O Bd7 14.Nf3 Be8 
15.Re1 Rc8 16.Bd3 Bg6 17.Bxg6 Nxg6 18.g3 Qb6 19.Re2 Nf8 20.Rhe1 Nd7 21.Ng5
Nc5 22.Nxe6 Rxe6 23.Rxe6 Nxe6 24.Qxd5 Rc6 25.f5 Qc7 0-1

[Event "43rd World U20 ch"]
[Site "Kochi IND"]
[Date "2004.11.24"]
[Round "7.21"]
[White "Rohit, Gogineni"]
[Black "Olsson, Linus"]
[Result "1-0"]
[WhiteElo "2281"]
[BlackElo "2289"]
[EventDate "2004.11.19"]
[PlyCount "55"]

1.e4 c5 2.Nf3 d6 3.d4 cxd4 4.Nxd4 Nf6 5.Nc3 a6 6.Be3 e5 7.Nb3 Be6 8.Qd2 
Nbd7 9.f3 Be7 10.g4 Nb6 11.O-O-O O-O 12.Kb1 a5 13.Qf2 Nfd7 14.a3 a4 15.Nc1
Ra5 16.Nd3 Nc4 17.Nb4 Nxe3 18.Qxe3 Qb6 19.Qd2 Qc5 20.Ncd5 Bd8 21.h4 Re8 
22.g5 Ra8 23.Nc3 Ba5 24.Nxa4 Bxb4 25.Nxc5 Bxd2 26.Nxe6 Ba5 27.Bb5 fxe6 28.
Bxd7 1-0

[Event "43rd World U20 ch"]
[Site "Kochi IND"]
[Date "2004.11.24"]
[Round "7.24"]
[White "Mihailidis, Anastasios"]
[Black "Swaraj, Palit"]
[Result "0-1"]
[WhiteElo "2278"]
[BlackElo "2172"]
[EventDate "2004.11.19"]
[PlyCount "40"]

1.e4 e5 2.Bc4 Nf6 3.d3 Nc6 4.Nc3 Bc5 5.f4 d6 6.f5 h6 7.a3 a6 8.Nf3 Nd4 9.
Nxd4 Bxd4 10.Qf3 Bxc3+ 11.bxc3 c6 12.O-O O-O 13.Kh1 d5 14.Bb3 dxe4 15.dxe4
Bd7 16.g4 c5 17.g5 Nxe4 18.gxh6 Bc6 19.Kg1 Qh4 20.Qg2 Qf6 0-1

[Event "43rd World U20 ch"]
[Site "Kochi IND"]
[Date "2004.11.24"]
[Round "7.25"]
[White "Hasan Parag, Mehdi"]
[Black "Arun, Karthik Ravichandra"]
[Result "1-0"]
[WhiteElo "2251"]
[BlackElo "2152"]
[EventDate "2004.11.19"]
[PlyCount "81"]

1.e4 d6 2.d4 Nf6 3.Nc3 g6 4.Be3 c6 5.Qd2 b5 6.f3 Nbd7 7.g4 Qa5 8.Nge2 b4 
9.Nd1 Ba6 10.h4 Nb6 11.b3 h5 12.g5 Nfd7 13.c4 c5 14.Bg2 Bg7 15.O-O O-O 16.
Nb2 Qa3 17.f4 cxd4 18.Bxd4 Qa5 19.a3 Bxd4+ 20.Nxd4 Nc8 21.axb4 Qb6 22.Na4 
Qc7 23.Nc3 Bb7 24.Nd5 Bxd5 25.exd5 Qb6 26.Kh1 Rb8 27.Nc6 Rb7 28.Rae1 Nb8 
29.b5 a6 30.bxa6 Nxa6 31.b4 Nb8 32.b5 Nxc6 33.dxc6 Ra7 34.f5 gxf5 35.Rxf5 
e6 36.Rf6 Ra4 37.Qd3 Ne7 38.g6 Nf5 39.Rxf5 exf5 40.Qxf5 Qd8 41.Qxh5 1-0

[Event "43rd World U20 ch"]
[Site "Kochi IND"]
[Date "2004.11.24"]
[Round "7.26"]
[White "Puneet, Jaiswal"]
[Black "Sandeep, Yalamanchili"]
[Result "1/2-1/2"]
[WhiteElo "2212"]
[BlackElo "2138"]
[EventDate "2004.11.19"]
[PlyCount "87"]

1.d4 Nf6 2.c4 g6 3.Nc3 d5 4.cxd5 Nxd5 5.Na4 Nb6 6.e4 Bg7 7.Be3 O-O 8.Nf3 
Bg4 9.Be2 Nc6 10.d5 Bxf3 11.gxf3 Nxa4 12.Qxa4 Bxb2 13.Rb1 Bc3+ 14.Kf1 Nb8 
15.Qb3 Bg7 16.Qxb7 Nd7 17.Rc1 Rb8 18.Qxc7 Rb2 19.Qxd8 Rxd8 20.a4 Ra2 21.
Bb5 Nb6 22.Rc7 Nxa4 23.Rxa7 Ra1+ 24.Kg2 Rxh1 25.Kxh1 Nc3 26.Bc6 Bf6 27.Bc5
Kf8 28.e5 Bh4 29.Ra8 Rxa8 30.Bxa8 Ne2 31.Bc6 Nf4 32.Kg1 Nd3 33.Bd4 f6 34.
d6 Nxe5 35.dxe7+ Kxe7 36.Bb7 Bg5 37.Be3 Bxe3 38.fxe3 f5 39.Kf2 Kf6 40.h4 
h6 41.f4 Nc4 42.Bd5 Nd6 43.Kf3 Nb5 44.Bc6 1/2-1/2

[Event "43rd World U20 ch"]
[Site "Kochi IND"]
[Date "2004.11.24"]
[Round "7.27"]
[White "Venkat, S. Sundaram"]
[Black "Bhatti, Ranveersingh"]
[Result "0-1"]
[WhiteElo "2152"]
[BlackElo "2195"]
[EventDate "2004.11.19"]
[PlyCount "70"]

1.e4 c5 2.Nf3 Nc6 3.d4 cxd4 4.Nxd4 Nf6 5.Nc3 e5 6.Ndb5 d6 7.Bg5 a6 8.Na3 
b5 9.Bxf6 gxf6 10.Nd5 Bg7 11.c3 f5 12.exf5 Bxf5 13.Nc2 O-O 14.Nce3 Be6 15.
Bd3 f5 16.Qh5 e4 17.Bc2 Ne7 18.Rd1 Rc8 19.Bb3 Ng6 20.f4 exf3 21.Qxf3 f4 
22.Ng4 Qh4+ 23.g3 Bxg4 24.Qxg4 Qxg4 25.Nf6+ Kh8 26.Nxg4 Rce8+ 27.Kf2 h5 
28.Rxd6 fxg3+ 29.Kxg3 Ne7 30.Rxa6 Nf5+ 31.Kh3 hxg4+ 32.Kxg4 Re4+ 33.Kg5 
Nh4 34.Be6 Nf3+ 35.Kg6 Rf6+ 0-1

[Event "43rd World U20 ch"]
[Site "Kochi IND"]
[Date "2004.11.24"]
[Round "7.28"]
[White "Tiwari, Arjun"]
[Black "Cereijo, Nicolas"]
[Result "1/2-1/2"]
[WhiteElo "2319"]
[BlackElo "2120"]
[EventDate "2004.11.19"]
[PlyCount "143"]

1.e4 c5 2.Nc3 Nc6 3.f4 g6 4.Nf3 Bg7 5.Bb5 Nd4 6.Nxd4 cxd4 7.Ne2 a6 8.Bd3 
d6 9.c3 dxc3 10.bxc3 Nf6 11.Bc2 b5 12.O-O Bb7 13.Ng3 h5 14.e5 Qb6+ 15.d4 
Nd5 16.Qe1 Rc8 17.Bd2 b4 18.Ba4+ Bc6 19.Bxc6+ Rxc6 20.Rb1 dxe5 21.fxe5 h4 
22.Qe4 Nxc3 23.Bxc3 Rxc3 24.Ne2 Rc8 25.Kh1 h3 26.d5 hxg2+ 27.Kxg2 a5 28.a3
Rh5 29.axb4 Rxe5 30.Qf3 Rf5 31.Qg4 Qe3 32.Kh1 Rxf1+ 33.Rxf1 Rc2 34.Ng1 
axb4 35.Nf3 Qc3 36.Qf4 Qc7 37.Qxb4 Rc1 38.Qa4+ Kf8 39.Rxc1 Qxc1+ 40.Kg2 
Qb2+ 41.Kh3 Bf6 42.Qf4 Kg7 43.Qe4 Qf2 44.Qf4 Qe2 45.Kg3 Qd3 46.Qd2 Be5+ 
47.Kg2 Qxd2+ 48.Nxd2 Kf6 49.h3 Kg5 50.Kf3 Kf5 51.Nc4 Bc7 52.Ke3 Kg5 53.Kf3
Kh4 54.Kg2 f5 55.Nd2 Kg5 56.Kf3 Ba5 57.Nc4 Bb4 58.Ne5 Kf6 59.Nd7+ Kg5 60.
Ne5 Bd6 61.Nc4 Kh4 62.Kg2 Bf4 63.Na5 Kg5 64.Kf3 Bc7 65.Nc4 Kf6 66.Ke3 e5 
67.dxe6 Kxe6 68.Kf3 Kd5 69.Ne3+ Kd4 70.h4 Ke5 71.h5 gxh5 72.Nxf5 1/2-1/2

[Event "43rd World U20 ch"]
[Site "Kochi IND"]
[Date "2004.11.24"]
[Round "7.29"]
[White "Phadke, Sohan"]
[Black "Patwardhan, Omkar"]
[Result "1/2-1/2"]
[WhiteElo "2125"]
[BlackElo "2212"]
[EventDate "2004.11.19"]
[PlyCount "56"]

1.e4 c5 2.Nf3 Nc6 3.Nc3 e5 4.Bc4 Be7 5.d3 Nf6 6.Nd2 d6 7.Nf1 O-O 8.Ne3 Nd4
9.O-O Rb8 10.a4 a6 11.a5 Be6 12.Ncd5 Nxd5 13.Nxd5 Bg5 14.Be3 Kh8 15.Qh5 
Bxd5 16.Bxg5 f6 17.Bxd5 fxg5 18.c3 Nc6 19.Rfe1 g6 20.Qg4 h5 21.Qg3 Rf4 22.
Qe3 Qf6 23.Rf1 Ne7 24.Bc4 Kg7 25.Rab1 Nc6 26.Bd5 Ne7 27.Bc4 Nc6 28.Bd5 Ne7
1/2-1/2

[Event "43rd World U20 ch"]
[Site "Kochi IND"]
[Date "2004.11.24"]
[Round "7.30"]
[White "Nitin, Senthilvel"]
[Black "Vaidya Chaitanya, N."]
[Result "1/2-1/2"]
[WhiteElo "2119"]
[BlackElo "2184"]
[EventDate "2004.11.19"]
[PlyCount "117"]

1.e4 e6 2.d4 d5 3.Nc3 Bb4 4.Ne2 dxe4 5.a3 Be7 6.Nxe4 Nd7 7.c4 Ngf6 8.N4c3 
b6 9.Ng3 Bb7 10.f3 O-O 11.Be3 c5 12.Qc2 cxd4 13.Bxd4 a6 14.O-O-O Qc7 15.
Kb1 Rac8 16.Bd3 Ne5 17.Bxe5 Qxe5 18.Rhe1 Qc7 19.Nce4 Nxe4 20.Nxe4 h6 21.
Qf2 Rfd8 22.g3 Rd7 23.Rd2 Rcd8 24.Red1 Bxe4 25.Bxe4 Rxd2 26.Rxd2 Qxc4 27.
Rxd8+ Bxd8 28.Qc2 Qd4 29.Qd3 Bf6 30.Qxd4 Bxd4 31.g4 g6 32.Kc2 f5 33.Bd3 a5
34.b4 axb4 35.axb4 Kf7 36.Bc4 Kf6 37.Kd3 Bg1 38.h3 e5 39.b5 h5 40.Bd5 e4+ 
41.fxe4 fxg4 42.hxg4 h4 43.Ke2 h3 44.Kf1 Bh2 45.Bc6 Ke5 46.Bd7 Kd6 47.Be8 
g5 48.Bc6 Kc5 49.Bd7 Kb4 50.Bc6 Kc4 51.Be8 Kd3 52.Bc6 Kd2 53.Kf2 Be5 54.
Bd7 Kd3 55.Bc6 h2 56.Kg2 Ke3 57.Bd7 Kxe4 58.Be8 Kf4 59.Bd7 1/2-1/2

[Event "43rd World U20 ch"]
[Site "Kochi IND"]
[Date "2004.11.24"]
[Round "7.31"]
[White "Soumitra, Mujumdar"]
[Black "Ashwath, Raja"]
[Result "1-0"]
[WhiteElo "2148"]
[BlackElo "2124"]
[EventDate "2004.11.19"]
[PlyCount "61"]

1.d4 Nf6 2.c4 e6 3.Nc3 Bb4 4.Qc2 O-O 5.a3 Bxc3+ 6.Qxc3 b6 7.Bg5 Bb7 8.f3 
d5 9.e3 Nbd7 10.cxd5 exd5 11.Bd3 h6 12.Bf4 c5 13.Ne2 c4 14.Bb1 b5 15.g4 
Qe7 16.h4 Rfe8 17.Qc2 Nf8 18.Be5 N6d7 19.Bf4 g5 20.hxg5 hxg5 21.Ng3 gxf4 
22.Nf5 Qf6 23.g5 Qxg5 24.Qh2 Qf6 25.Nh6+ Kg7 26.Ng4 Rxe3+ 27.Kf2 Re2+ 28.
Kxe2 Qe6+ 29.Kf2 Ng6 30.Qh6+ Kg8 31.Bxg6 1-0

[Event "43rd World U20 ch"]
[Site "Kochi IND"]
[Date "2004.11.24"]
[Round "7.32"]
[White "Louw, Daniel Johannes"]
[Black "Soon Wai Cheong"]
[Result "1-0"]
[WhiteElo "2187"]
[BlackElo "2048"]
[EventDate "2004.11.19"]
[PlyCount "107"]

1.d4 d5 2.Nf3 Nf6 3.Bg5 Ne4 4.Bf4 c5 5.e3 Qb6 6.Qc1 g6 7.c3 Bg7 8.Nbd2 
Nxd2 9.Qxd2 O-O 10.Be2 Nc6 11.O-O c4 12.e4 dxe4 13.Ng5 e5 14.dxe5 Nxe5 15.
Bxe5 Bxe5 16.Bxc4 Qc7 17.Qe2 Bxh2+ 18.Kh1 Bf4 19.Nxe4 Bf5 20.Rfe1 Kg7 21.
Bb3 Rae8 22.Qf3 h5 23.c4 Be5 24.Nc3 Bg4 25.Qe3 Qe7 26.g3 Qf6 27.Nd5 Bf3+ 
28.Kg1 Qf5 29.Ba4 Re6 30.Bd7 Bxb2 31.Bxe6 fxe6 32.Nf4 e5 33.Rab1 Bc6 34.
Rxb2 exf4 35.Qd4+ Kh6 36.Re7 Rf6 37.Kh2 fxg3+ 38.fxg3 Qf1 39.Qd2+ g5 40.
Re1 Qxc4 41.Re5 Qg8 42.Rc2 Qg6 43.Rcc5 Rd6 44.Qe2 Qb1 45.Re6+ Rxe6 46.
Qxe6+ Qg6 47.Qe7 Qg7 48.Qxg7+ Kxg7 49.Rxg5+ Kh6 50.Re5 Kg6 51.Kh3 Bf3 52.
Kh4 a6 53.Re3 Bg2 54.Rd3 1-0

[Event "43rd World U20 ch"]
[Site "Kochi IND"]
[Date "2004.11.24"]
[Round "7.33"]
[White "Prasanna, Kannappan"]
[Black "Raghuram, Balaji"]
[Result "1/2-1/2"]
[WhiteElo "2096"]
[BlackElo "2043"]
[EventDate "2004.11.19"]
[PlyCount "119"]

1.e4 c6 2.d4 d5 3.exd5 cxd5 4.c4 Nf6 5.Nc3 e6 6.Nf3 Be7 7.Bd3 dxc4 8.Bxc4 
O-O 9.O-O Bd7 10.Bg5 Bc6 11.Ne5 Nd5 12.Bxe7 Nxe7 13.Qg4 Bd5 14.Bd3 Nbc6 
15.Rad1 Qb6 16.Nd7 Qxb2 17.Nxf8 Rxf8 18.Nxd5 Nxd5 19.Bc4 Nc3 20.Rd3 Ne2+ 
21.Kh1 Nexd4 22.Qd1 Qb6 23.Rh3 h6 24.Qb1 Qc7 25.Bb3 f5 26.Re3 Rf6 27.Rfe1 
Qd7 28.Qd3 Qf7 29.f3 Kh8 30.f4 a6 31.h3 h5 32.Qc4 Qg6 33.Qc5 Qh6 34.Qd6 
Nxb3 35.Rxb3 e5 36.Qd7 Qxf4 37.Qe8+ Kh7 38.Qxh5+ Rh6 39.Qf7 Nd4 40.Rbe3 e4
41.Rxe4 Rxh3+ 42.gxh3 Qf3+ 43.Kh2 Qf2+ 44.Kh1 Qf3+ 45.Kh2 fxe4 46.Rf1 Qe2+
47.Rf2 Nf3+ 48.Kg3 Qb5 49.Qf4 Qe8 50.Re2 Qg6+ 51.Qg4 Qd6+ 52.Qf4 Qg6+ 53.
Qg4 Qd6+ 54.Kf2 Qd4+ 55.Kg3 Qd6+ 56.Qf4 Qg6+ 57.Qg4 Qd6+ 58.Kf2 Qd4+ 59.
Re3 Qd2+ 60.Re2 1/2-1/2

[Event "43rd World U20 ch"]
[Site "Kochi IND"]
[Date "2004.11.24"]
[Round "7.34"]
[White "Navin, Kanna"]
[Black "Karthikeyan, Pandian"]
[Result "1/2-1/2"]
[WhiteElo "2058"]
[BlackElo "2131"]
[EventDate "2004.11.19"]
[PlyCount "124"]

1.g3 Nf6 2.Bg2 d5 3.Nf3 e6 4.O-O Be7 5.d4 O-O 6.Nbd2 b6 7.b3 Bb7 8.Bb2 
Nbd7 9.Re1 Rc8 10.Rc1 Ba8 11.a3 Bd6 12.Nh4 Ne4 13.Bxe4 dxe4 14.e3 f5 15.
Ng2 Qe8 16.c4 a5 17.Nb1 Qe7 18.Rc2 Rfd8 19.Rd2 Nf8 20.Qc1 h6 21.Nc3 c6 22.
Na4 b5 23.Nb6 Rb8 24.c5 Bc7 25.Nxa8 Rxa8 26.Qd1 a4 27.b4 Nh7 28.Kh1 Nf6 
29.Rf1 Nd5 30.f3 exf3 31.Qxf3 Rf8 32.Re2 Rf6 33.Rfe1 Raf8 34.Nf4 Bxf4 35.
exf4 Kf7 36.Qh5+ Kg8 37.Qf3 Qf7 38.Re5 Qd7 39.Qe2 Re8 40.Qf3 Kh7 41.R5e2 
Qf7 42.Re5 Kg8 43.Qe2 Qd7 44.Qf3 Kf7 45.Qh5+ Ke7 46.Kg2 Kd8 47.Kf2 Qe7 48.
h4 Kd7 49.Ke2 Qf7 50.Qxf7+ Rxf7 51.Kf3 g6 52.Bc1 Nc3 53.R5e3 Ne4 54.R3e2 
Rd8 55.Be3 Rg7 56.Kg2 Rh7 57.Kf3 Rdh8 58.Bc1 Ke7 59.Bd2 Kf7 60.Bc1 g5 61.
fxg5 hxg5 62.Bxg5 Rg8 1/2-1/2

[Event "43rd World U20 ch"]
[Site "Kochi IND"]
[Date "2004.11.24"]
[Round "7.35"]
[White "Phanikanth, J. S. S."]
[Black "Artels, Lieven"]
[Result "0-1"]
[WhiteElo "1985"]
[BlackElo "2084"]
[EventDate "2004.11.19"]
[PlyCount "52"]

1.d4 d5 2.c4 e6 3.Nc3 c5 4.cxd5 exd5 5.Nf3 Nc6 6.g3 Nf6 7.Bg2 Be7 8.O-O 
O-O 9.b3 Re8 10.Bb2 Bg4 11.dxc5 Bxc5 12.Rc1 Qd7 13.Na4 Be7 14.Nc5 Bxc5 15.
Rxc5 Qe7 16.Rc2 Rad8 17.Nd4 Rc8 18.Re1 Nxd4 19.Rxc8 Nxe2+ 20.Rxe2 Bxe2 21.
Rxe8+ Qxe8 22.Qd2 Bg4 23.Bxf6 gxf6 24.Bxd5 Qd7 25.Qf4 Bh3 26.Bf3 Qd3 0-1

[Event "43rd World U20 ch"]
[Site "Kochi IND"]
[Date "2004.11.26"]
[Round "8.1"]
[White "Zhao Jun"]
[Black "Petrosian, Tigran L."]
[Result "1/2-1/2"]
[WhiteElo "2511"]
[BlackElo "2539"]
[EventDate "2004.11.19"]
[PlyCount "116"]

1.e4 e5 2.Nf3 Nf6 3.Nxe5 d6 4.Nf3 Nxe4 5.d4 d5 6.Bd3 Bd6 7.O-O O-O 8.Re1 
f5 9.c4 c6 10.Nc3 Kh8 11.h3 Be6 12.Qb3 b6 13.a4 Nd7 14.cxd5 cxd5 15.Bxe4 
fxe4 16.Nxe4 Rxf3 17.gxf3 Be7 18.Ng3 Nf8 19.f4 Bxh3 20.f5 g6 21.Bf4 Bf6 
22.Be5 gxf5 23.Bxf6+ Qxf6 24.Qxd5 Rd8 25.Qe5 Qxe5 26.dxe5 Ne6 27.Red1 Rg8 
28.Kh2 Bg4 29.Rd6 Rg6 30.f4 Kg7 31.Rd7+ Kh6 32.Rf1 Rg8 33.Rf7 Nd4 34.Rf6+ 
Kg7 35.Rd6 Nb3 36.e6 Kf6 37.Re1 Re8 38.e7+ Kf7 39.Rd5 Kf6 40.Ree5 Rxe7 41.
Rd6+ Kf7 42.Nxf5 Rxe5 43.fxe5 Bxf5 44.Rf6+ Ke7 45.Rxf5 Nc5 46.Kg3 Ke6 47.
Rh5 Nd3 48.Kf3 Nxe5+ 49.Ke4 Ng4 50.Kf4 Nf2 51.Re5+ Kd6 52.Re3 h5 53.Rc3 
Kd5 54.Kf3 Ng4 55.b4 a6 56.b5 axb5 57.axb5 Ne5+ 58.Kf4 Nc4 1/2-1/2

[Event "43rd World U20 ch"]
[Site "Kochi IND"]
[Date "2004.11.26"]
[Round "8.2"]
[White "Humpy, Koneru"]
[Black "Harikrishna, Pentala"]
[Result "0-1"]
[WhiteElo "2503"]
[BlackElo "2612"]
[EventDate "2004.11.19"]
[PlyCount "72"]

1.d4 Nf6 2.c4 g6 3.Nf3 Bg7 4.g3 c5 5.d5 d6 6.Nc3 O-O 7.Bg2 e6 8.O-O exd5 
9.cxd5 Bg4 10.Nd2 Qd7 11.f3 Bh3 12.Bxh3 Qxh3 13.Nc4 Rd8 14.e4 Nh5 15.Qe2 
Nd7 16.Qg2 Qxg2+ 17.Kxg2 Ne5 18.Nxe5 Bxe5 19.Bd2 b5 20.f4 Bxc3 21.bxc3 f5 
22.exf5 gxf5 23.a4 a6 24.Rfb1 Nf6 25.Kf1 Nxd5 26.axb5 axb5 27.Rxa8 Rxa8 
28.Rxb5 Ra2 29.Ke1 Nf6 30.Rb8+ Kf7 31.Rb7+ Ke6 32.h3 Ne4 33.Be3 Nxg3 34.
Kd1 h5 35.Bd2 Kd5 36.Rh7 Kc4 0-1

[Event "43rd World U20 ch"]
[Site "Kochi IND"]
[Date "2004.11.26"]
[Round "8.3"]
[White "Alexeev, Evgeny"]
[Black "Wojtaszek, Radoslaw"]
[Result "1-0"]
[WhiteElo "2604"]
[BlackElo "2536"]
[EventDate "2004.11.19"]
[PlyCount "85"]

1.d4 Nf6 2.Nf3 e6 3.c4 c5 4.d5 exd5 5.cxd5 d6 6.Nc3 g6 7.Nd2 Bg7 8.e4 O-O 
9.Be2 Re8 10.O-O Nbd7 11.Re1 Ne5 12.Nf1 c4 13.Nd2 Qc7 14.b3 Nd3 15.Bxd3 
cxd3 16.Bb2 b5 17.Rc1 Qb6 18.h3 Nd7 19.Nf3 Ba6 20.b4 Rac8 21.Qxd3 Rc4 22.
Nd1 Rec8 23.Rb1 Bxb2 24.Rxb2 Re8 25.a3 Ne5 26.Nxe5 Rxe5 27.Rbe2 Bc8 28.Nb2
Rd4 29.Qc3 Bd7 30.Kh2 Re8 31.f3 Rc8 32.Qe3 Re8 33.Qf2 Rc8 34.Rc2 Rxc2 35.
Qxc2 Qd8 36.Qf2 Qf6 37.Re2 h5 38.h4 Qg7 39.Qg3 Qf8 40.Rc2 Kh7 41.Qg5 Qg7 
42.Rc7 Be8 43.Qe7 1-0

[Event "43rd World U20 ch"]
[Site "Kochi IND"]
[Date "2004.11.26"]
[Round "8.4"]
[White "Smerdon, David"]
[Black "Drozdovskyi, Yury"]
[Result "0-1"]
[WhiteElo "2425"]
[BlackElo "2510"]
[EventDate "2004.11.19"]
[PlyCount "56"]

1.d4 d5 2.c4 dxc4 3.e3 Nf6 4.Bxc4 e6 5.Nf3 a6 6.O-O b5 7.Bb3 Bb7 8.Nc3 
Nbd7 9.a3 c5 10.Qe2 Qc7 11.Rd1 Bd6 12.d5 c4 13.Bc2 exd5 14.e4 O-O 15.exd5 
Rfe8 16.Be3 h6 17.h3 Nb6 18.Qd2 Nbxd5 19.Bxh6 Bf4 20.Nxd5 Nxd5 21.Bxf4 
Nxf4 22.Ng5 Bxg2 23.Bh7+ Kh8 24.Bf5 Bd5 25.Re1 f6 26.Rxe8+ Rxe8 27.Re1 
Rxe1+ 28.Qxe1 fxg5 0-1

[Event "43rd World U20 ch"]
[Site "Kochi IND"]
[Date "2004.11.26"]
[Round "8.6"]
[White "Moradiabadi, Elshan"]
[Black "Gareev, Timur"]
[Result "1/2-1/2"]
[WhiteElo "2445"]
[BlackElo "2525"]
[EventDate "2004.11.19"]
[PlyCount "182"]

1.d4 d5 2.c4 e6 3.Nf3 Nf6 4.Nc3 Be7 5.Bg5 h6 6.Bh4 O-O 7.cxd5 Nxd5 8.Bxe7 
Qxe7 9.e3 Nxc3 10.bxc3 c5 11.Bd3 b6 12.O-O Nc6 13.Qe2 Bb7 14.Rad1 Rfd8 15.
Bb1 Rac8 16.Rfe1 e5 17.Be4 exd4 18.exd4 cxd4 19.cxd4 Qf6 20.h3 g6 21.d5 
Na5 22.Rd4 Rd6 23.Red1 Rc7 24.Nh2 Qe7 25.Qd3 Bc8 26.Nf1 Nb7 27.Qd2 Nc5 28.
Bf3 h5 29.Ne3 Ba6 30.Re1 Qf6 31.Nc2 Re7 32.Rd1 Bb5 33.Rb1 Bd7 34.Rf4 Qg5 
35.h4 Qh6 36.g3 Bf5 37.Re1 Rxe1+ 38.Nxe1 Qh8 39.Ng2 Qe5 40.Ne3 Bd3 41.Kg2 
Rd8 42.Qb4 Kg7 43.a4 Ba6 44.Nc4 Qa1 45.Qb2+ Qxb2 46.Nxb2 Nb7 47.Nd1 f5 48.
Ne3 Nd6 49.a5 bxa5 50.Ra4 Nb7 51.Nc2 Bb5 52.Ra3 Kf6 53.Nd4 a6 54.Nc6 Re8 
55.Nxa5 Nxa5 56.Rxa5 Ke5 57.Ra1 Kd6 58.Kg1 Kc5 59.d6 Kxd6 60.Bb7 Be2 61.
Ra2 Bc4 62.Ra1 Kc5 63.Rc1 Kb6 64.Bf3 Bb5 65.Bd5 Rd8 66.Bf7 Rd6 67.f3 f4 
68.gxf4 Rf6 69.Bd5 Rxf4 70.Be4 Rxh4 71.Bxg6 Bc6 72.Kf2 a5 73.Kg3 Rb4 74.
Bxh5 Rb3 75.Kf2 Rb2+ 76.Ke3 a4 77.Rxc6+ Kxc6 78.Be8+ Kd5 79.Bxa4 Rb4 80.
Bc2 Ke5 81.Be4 Rb3+ 82.Bd3 Kd5 83.f4 Ra3 84.Ke2 Kd4 85.Bg6 Rg3 86.Bh7 Rh3 
87.Bf5 Re3+ 88.Kf2 Rc3 89.Bg6 Kd5 90.Ke2 Ke6 91.Bd3 Kd5 1/2-1/2

[Event "43rd World U20 ch"]
[Site "Kochi IND"]
[Date "2004.11.26"]
[Round "8.7"]
[White "Barbosa, Oliver"]
[Black "l`Ami, Erwin"]
[Result "0-1"]
[WhiteElo "2311"]
[BlackElo "2516"]
[EventDate "2004.11.19"]
[PlyCount "106"]

1.e4 c5 2.Nc3 e6 3.Nge2 a6 4.g3 b5 5.Bg2 Bb7 6.O-O Qc7 7.d3 g6 8.Be3 Bg7 
9.Qd2 Ne7 10.Bh6 O-O 11.Nd1 d5 12.Bxg7 Kxg7 13.Ne3 d4 14.Ng4 Nd7 15.Qh6+ 
Kh8 16.Qh4 Ng8 17.f4 f5 18.Nf2 Ngf6 19.Rae1 Rae8 20.Kh1 fxe4 21.dxe4 e5 
22.fxe5 Nxe5 23.Nf4 Qe7 24.N2d3 Nfd7 25.Qh6 Qg7 26.Qh3 Nxd3 27.Nxd3 Bc8 
28.Qh4 c4 29.Nb4 Ne5 30.Qg5 Ng4 31.Nd5 Qe5 32.Qd2 Bb7 33.Rf4 Bxd5 34.Rxg4 
Bc6 35.Rg5 Qf6 36.Rf1 Qd6 37.Rxf8+ Rxf8 38.Kg1 d3 39.c3 Bb7 40.b4 cxb3 41.
axb3 Qb6+ 42.Kh1 Qf2 43.Qxf2 Rxf2 44.Re5 d2 45.Re8+ Kg7 46.Rd8 Bxe4 47.
Bxe4 Rf1+ 48.Kg2 d1=Q 49.Rxd1 Rxd1 50.b4 Rd2+ 51.Kh3 Kf6 52.Bb7 Rd6 53.Kg4
Rb6 0-1

[Event "43rd World U20 ch"]
[Site "Kochi IND"]
[Date "2004.11.26"]
[Round "8.8"]
[White "Quezada Perez, Yuniesky"]
[Black "Deepan Chakravarthy, Jeyakumar"]
[Result "1-0"]
[WhiteElo "2513"]
[BlackElo "2396"]
[EventDate "2004.11.19"]
[PlyCount "65"]

1.e4 e5 2.Nf3 Nc6 3.Bb5 Nf6 4.d3 d6 5.c3 Be7 6.Nbd2 O-O 7.O-O a6 8.Ba4 b5 
9.Bc2 Re8 10.Re1 Bf8 11.Nf1 Ne7 12.d4 Ng6 13.d5 Bb7 14.Bg5 h6 15.Bxf6 Qxf6
16.Ne3 Bc8 17.g3 Rb8 18.Kg2 Ne7 19.Qd3 h5 20.a4 g5 21.h4 g4 22.Nd2 b4 23.
a5 Bh6 24.cxb4 Rxb4 25.Qc3 Rb8 26.Bd3 Bb7 27.Qxc7 Bxd5 28.exd5 Bxe3 29.
fxe3 Nxd5 30.Qc6 e4 31.Qxd5 Rxb2 32.Bxe4 Rxe4 33.Re2 1-0

[Event "43rd World U20 ch"]
[Site "Kochi IND"]
[Date "2004.11.26"]
[Round "8.9"]
[White "Bartel, Mateusz"]
[Black "Sengupta, Deep"]
[Result "0-1"]
[WhiteElo "2481"]
[BlackElo "2359"]
[EventDate "2004.11.19"]
[PlyCount "96"]

1.e4 c5 2.Nc3 Nc6 3.Bb5 Nd4 4.Bc4 e6 5.Nf3 a6 6.Nxd4 cxd4 7.Ne2 b5 8.Bb3 
Bc5 9.c3 dxc3 10.bxc3 Bb7 11.d4 Bb6 12.Ng3 Qc7 13.Bd2 Nf6 14.e5 Ne4 15.
Nxe4 Bxe4 16.Qg4 Qc6 17.Qxg7 O-O-O 18.f3 Rhg8 19.Qh6 Bf5 20.O-O Rg6 21.Qf4
Rdg8 22.Rf2 h5 23.Kh1 f6 24.Be3 Bc7 25.Rc1 h4 26.d5 Qb7 27.Bd4 Rg5 28.c4 
Bh3 29.gxh3 fxe5 30.Qf7 R5g7 31.Qh5 exd4 32.dxe6 Bf4 33.Rd1 Be3 34.Rff1 
Rg5 35.Qf7 dxe6 36.Qxb7+ Kxb7 37.cxb5 R8g6 38.bxa6+ Kxa6 39.f4 Rc5 40.Rd3 
Rf5 41.Rxe3 dxe3 42.Bc2 e2 43.Bd3+ Ka5 44.Bxe2 Rgf6 45.Rb1 Rxf4 46.Rb3 Rb4
47.Re3 Rb2 48.Bc4 Rff2 0-1